Rahas The Legendary Spiritual Master: (Record no. 182932)
[ view plain ]
| 000 -LEADER | |
|---|---|
| fixed length control field | 00513 a2200181 4500 |
| 005 - DATE AND TIME OF LATEST TRANSACTION | |
| control field | 20211210120014.0 |
| 010 ## - LCCN (DPL NO) | |
| LC control number | ENG-130274 |
| 020 ## - INTERNATIONAL STANDARD BOOK NUMBER | |
| Terms of availability | 245.00 |
| International Standard Book Number | 978-93-90119-56-1 |
| 035 ## - SYSTEM CONTROL NUMBER | |
| System control number | EN-113806 |
| 037 ## - SOURCE OF ACQUISITION | |
| Source of stock number/acquisition | DBAD / PUB |
| 082 ## - DEWEY DECIMAL CLASSIFICATION NUMBER | |
| Classification number | 181.4 |
| 100 ## - MAIN ENTRY--PERSONAL NAME | |
| Personal name | Rana, Jagendra |
| 245 ## - TITLE STATEMENT | |
| Title | Rahas The Legendary Spiritual Master: |
| Statement of responsibility, etc | Jagendra Rana |
| 260 ## - PUBLICATION, DISTRIBUTION, ETC. (IMPRINT) | |
| Name of publisher, distributor, etc | Bluerose Publishers |
| Date of publication, distribution, etc | 2020 |
| 270 ## - ADDRESS | |
| Electronic mail address | info@bluerosepublishers.com |
| 300 ## - PHYSICAL DESCRIPTION | |
| Extent | 240p. |
| Dimensions | 20cm (pbk) |
| 942 ## - ADDED ENTRY ELEMENTS (KOHA) | |
| Institution code [OBSOLETE] | dpl |
| Item type | English Books |
| Source of classification or shelving scheme | Dewey Decimal Classification |
| Classification part | 181.4 |
| Call number suffix | RAN |
| Withdrawn status | Lost status | Not for loan | Collection code | Home library | Current library | Date acquired | Source of acquisition | Cost, normal purchase price | Full call number | Barcode | Copy number | Cost, replacement price | Koha item type |
|---|---|---|---|---|---|---|---|---|---|---|---|---|---|
| Non-fiction | Shahdara Branch | Shahdara Branch | 10/12/2021 | DBAD/PUB | 245.00 | 181.4 RAN | EN-113806 | 1 | 245.00 | English Books |
